000 00479cab a2200205 4500
001 ABS60526
008 090401t1999 xxu||||| |||| 00| 0 eng d
035 _a(Sirsi) u92776
041 _aeng
100 _aTolson, S.
245 2 _aA handy little friend to know
260 _c1999
350 _a0
490 _aBuilding
_v264 (8082) 9 April 1999, 63(1)
650 _aInsolvency
_96247
650 _aROMALPA CLAUSES
690 _aLAW
942 _n0
948 _c15/04/1999
999 _c58805
_d58805